000 02017nam0a2200385 4500
001 RU\NLR\bibl\837200
005 20260407120854.0
010 _a5-94797-075-9
_9200
021 _aRU
_b2005-44335
_92183
035 _a(NLR Aleph) 000826037
090 _a1331133
_c1331133
100 _a20050906d2005 |||y0rusy50 ca
101 0 _arus
_aeng
102 _aRU
105 _aac |||||||||
200 1 _aНаучные чтения, посвященные 100-летию со дня рождения академика Виктора Борисовича Сочавы
_eматериалы международной конференции (Иркутск, 20 - 21 июня 2005 г.)
_f[отв. ред.: чл.-кор. РАН В. А. Снытко, д. г. н. Ю. М. Семенов]
210 _aИркутск
_cИзд-во Института географии
_d2005
215 _a151 с., [1] л. портр.
_cил.
_d29
300 _aВ надзаг.: Рос. акад. наук, Сиб. отд-ние, Ин-т географии, Рус. геогр. о-во, Вост.-Сиб. отд-ние
300 _aЧасть текста на англ. яз.
320 _aБиблиогр. в конце докл.
600 1 _aСочава
_bВ.Б.
_f1905 - 1978
_gВиктор Борисович
_91204498
_3RU\NLR\auth\66169722
606 1 _aГеография
_jСъезды, совещания и т.п.
_91002053
_3RU\NLR\auth\6662461
606 1 _aГеоботаника
_jСъезды, совещания и т.п.
_91081578
_3RU\NLR\auth\66103985
686 _aД8д(2)Сочава
686 _aЕ581.8д(2)Сочава
686 _aД8я431(0)
686 _aЕ581.8я431(0)
710 1 2 _4070
_aНаучные чтения, посвященные 100-летию со дня рождения В.Б. Сочавы
_f2005
_eИркутск
_3RU\NLR\AUTH\8810069382
_9640318
801 0 _aRU
_bNLR
_c20050906
_grcr
801 1 _aRU
_bNLR
_c20050906
942 _cBOOK
980 _aNB